| 000 | 04528cam a22012374i 4500 | ||
|---|---|---|---|
| 003 | PE-LiUPU | ||
| 005 | 20250813185439.0 | ||
| 008 | 150623s r 000 0 d | ||
| 035 | _a(Sirsi) a25696 | ||
| 040 |
_aPE-LiUPU _bspa _cPE-LiUPU _erda |
||
| 082 | 0 | 4 |
_a378.00985 _bHM _221 |
| 110 | 2 | _aPerú. Asamblea Nacional de Rectores. Instituto de Investigación y Fomento de la Modernización y Acreditación de las Universidades Peruanas | |
| 245 | 1 | 0 |
_aCarreras universitarias : _bperfiles y campos de acción de las carreras universitarias de 40 universidades / _cAsamblea Nacional de Rectores, Instituto de Investigación y Fomento de la Modernización y Acreditación de las Universidades Peruanas. |
| 264 | 1 |
_aLima : _bIFOMACU, _c2001 (Lima : Edit. Impr. Unión). |
|
| 300 |
_a488 páginas ; _c21 cm. |
||
| 336 |
_atext _2rdacontent |
||
| 337 |
_aunmediated _2rdamedia |
||
| 338 |
_avolume _2rdacarrier |
||
| 490 | 0 |
_a[Hacia la modernización y acreditación integral de las universidades peruanas] ; _v4 |
|
| 505 | 0 | _aUniversidades Nacionales: U.N. San Antonio Abad del Cusco; U.N. San Agustín; U.N. San Luis Gonzaga de Ica; U.N. San Cristóbal de Huamanga; U.N. del Centro del Perú; U.N. de la Amazonía Peruana; U.N. del Altiplano; U.N. de Piura; U.N. de Cajamarca; U.N. Federico Villareal; U.N. Agraria de la Selva; U.N. Daniel Alcides Carrión; U.N. de Educación Enrique Guzman y Valle; U.N. del Callao; U.N. José Faustino Sánchez Carrión; U. Santiago Antúnez de Mayolo; U.N. de San Martín; U.N. de Tumbes; U.N. del Santa; U.N. de Huancavelica. Universidades Particulares: U.P. Cayetano Heredia; U. Católica de Santa María; U. de Lima; U. de San Martín de Porres; U. Inca Garcilazo de la Vega; U. Ricardo Palma; U. Andina Néstor Cáceres Velazquez; U.P. Los andes; U.P. unión. | |
| 526 | _aP202 | ||
| 526 | _aP201 | ||
| 526 | _aP163 | ||
| 526 | _aP162 | ||
| 526 | _aP161 | ||
| 526 | _aP160 | ||
| 526 | _aP148 | ||
| 526 | _aP147 | ||
| 526 | _aP146 | ||
| 526 | _aP145 | ||
| 526 | _aP144 | ||
| 526 | _aP143 | ||
| 526 | _aP142 | ||
| 526 | _aP141 | ||
| 526 | _aP140 | ||
| 526 | _aP139 | ||
| 526 | _aP138 | ||
| 526 | _aP137 | ||
| 526 | _aP136 | ||
| 526 | _aP135 | ||
| 526 | _aP134 | ||
| 526 | _aP133 | ||
| 526 | _aP129 | ||
| 526 | _aP128 | ||
| 526 | _aP127 | ||
| 526 | _aP120 | ||
| 526 | _aP119 | ||
| 526 | _aP118 | ||
| 526 | _aP116 | ||
| 526 | _aP115 | ||
| 526 | _aP114 | ||
| 526 | _aP110 | ||
| 526 | _aP109 | ||
| 526 | _aP108 | ||
| 526 | _aP104 | ||
| 526 | _aP103 | ||
| 526 | _aP102 | ||
| 526 | _aP99 | ||
| 526 | _aP98 | ||
| 526 | _aP97 | ||
| 526 | _aP96 | ||
| 526 | _aP95 | ||
| 526 | _aP93 | ||
| 526 | _aP90 | ||
| 526 | _aP89 | ||
| 526 | _aP88 | ||
| 526 | _aP83 | ||
| 526 | _aP82 | ||
| 526 | _aP62 | ||
| 526 | _aP59 | ||
| 526 | _aP58 | ||
| 526 | _aP57 | ||
| 526 | _aP51 | ||
| 526 | _aP49 | ||
| 526 | _aP48 | ||
| 526 | _aP47 | ||
| 526 | _aP29 | ||
| 526 | _aP24 | ||
| 526 | _aP20 | ||
| 526 | _aP19 | ||
| 526 | _aP17 | ||
| 526 | _aP15 | ||
| 526 | _aP14 | ||
| 526 | _aP12 | ||
| 526 | _aP10 | ||
| 526 | _aP09 | ||
| 526 | _aP08 | ||
| 526 | _aP07 | ||
| 526 | _aP06 | ||
| 526 | _aP05 | ||
| 526 | _aP04 | ||
| 526 | _aP01 | ||
| 650 | 0 | 4 |
_aCarreras universitarias _zPerú. |
| 650 | 0 | 4 |
_aUniversidades _xPlanes y programas _zPerú. |
| 942 |
_2ddc _cBOOK |
||
| 949 |
_a378.00985 HM 4 _wDEWEY _c1 _i49825 _lCCODEBUL1 _mBUL _p00.00 _r0 _sY _tBOOK _u2015-06-24 _xBIBLIOTECA _zUNKNOWN _0COMPRA _o.STAFF. Colección General |
||
| 949 |
_a378.00985 HM 4 _wDEWEY _c2 _i61654 _lCCODEBUL1 _mBUL _p00.00 _r0 _sY _tBOOK _u2015-06-24 _xBIBLIOTECA _zUNKNOWN _0COMPRA _o.STAFF. Colección General |
||
| 949 |
_a378.00985 HM 4 _wDEWEY _c3 _i61655 _lCCODEBUL1 _mBUL _p00.00 _r0 _sY _tBOOK _u2015-06-24 _xBIBLIOTECA _zUNKNOWN _0COMPRA _o.STAFF. Colección General |
||
| 596 | _a1 | ||
| 999 |
_a378.00985 HM 4 _wDEWEY _c32645 _i49825 _f2021-11-8 _g5 _lCCODEBUL1 _mBUL _r0 _sN _tBOOK _u2015-6-24 _xEDUCACION _zUNKNOWN _0COMPRA _o.STAFF. Colección General _d32645 |
||
| 999 |
_a378.00985 HM 4 _wDEWEY _c2 _i61654 _f2021-11-8 _g5 _lCCODEBUL1 _mBUL _r0 _sN _tBOOK _u2015-6-24 _xEDUCACION _zUNKNOWN _0COMPRA _o.STAFF. Colección General |
||
| 999 |
_a378.00985 HM 4 _wDEWEY _c3 _i61655 _f2021-11-8 _g5 _lCCODEBUL1 _mBUL _r0 _sN _tBOOK _u2015-6-24 _xEDUCACION _zUNKNOWN _0COMPRA _o.STAFF. Colección General |
||
| 980 |
_81 _gALBERTO SANCHEZ Responsable de Automatización |
||